01479nam a2200265 a 450000100100000000500170001000800410002704000250006808200180009324502000011124600380031126000640034930000200041349000740043359000260050765000320053365100370056571000510060283000830065391000370073695201270077395201750090095201210107599900170119600003335420240307073948.0110825s1950 dr r 000 0 spa d aDO-SdBNPbspacBNPHU a015.72bC357L00aCatálogo de libros mexicanos presentados en la exposición del libro méxicano organizado por la biblioteca de la universidad para conmemorar el 140 aniversario de la Revolución Méxicana.14aExposición del libro méxicano aCiudad Trujillo, República Dominicana :bMontalvo,c1950. a84 p. ;c25 cm.1 aPublicaciones de la Universidad de Santo DomingoaBibliografía;v74 aInventariado, 2018/BT 4aLibrosxExposiciones934754 4aMéxicoxBibliografías95894012aUniversidad Autónoma de Santo Domingo972951 0aPublicaciones de la Universidad de Santo Domingo ;pBibliografía;v74958941 aValidado. Control de calidad MFF 001154708RVaGRbGRcMId2011-08-25iLF1l0o015.72 C357Lp33354-30r2020-06-25te.3w2020-06-25y4ZPréstamo en sala 001050718RVaPDbPDcHDd2011-08-25iLF1l0o015.72 C357Lp33354-10r2020-06-25w2020-06-25y1zPerteneció a la biblioteca personal de Martínez BoogZNo se presta 001050718RVaPDbPDcHDd2011-08-25iLF1l0o015.72 C357Lp33354-20r2020-06-25te.2w2020-06-25y1ZNo se presta c32845d32845